All FC Barcelona transfers since 2017-18 - Statistics

General Stats
  • This quiz has been taken 171 times
  • The average score is 32 of 51
Answer Stats
Nationality Position Amount Answer % Correct
France LW,RW 135 000 000 Dembele
99%
Brasil LW,CAM 135 000 000 Coutinho
90%
Netherlands CM 86 000 000 De Jong
89%
Netherlands ST loan De Jong
89%
Poland ST 45 000 000 Lewandowski
86%
Brasil RW 58 000 000 Raphinha
85%
USA RB 21 000 000 Dest
84%
Denmark CB free Christensen
82%
France CB,RB 50 000 000 Kounde
82%
Portugal RB 35 000 000 Semedo
82%
Gabon ST free Aubameyang
81%
Netherlands CF,LW free Depay
81%
Brasil CM 31 000 000 Arthur
79%
France ST,LW,RW 120 000 000 Griezmann
79%
Brasil CM 40 000 000 Paulinho
79%
Chile CM 18 000 000 Vidal
79%
Ivory Coast CM free Kessie
78%
Spain CM 5 000 000 Torre
78%
Bosnia CM 60 000 000 Pjanic
77%
Portugal RB,LB loan Cancelo
75%
France CB 36 000 000 Lenglet
75%
Germany CM free Gundogan
74%
Brasil GK 26 000 000 Neto
72%
Spain LW 55 000 000 Torres
72%
Spain CM 55 000 000 Olmo
71%
Argentina ST free Aguero
70%
Spain CM 23 000 000 Pedri
70%
Columbia CB 12 000 000 Mina
68%
Denmark ST 18 000 000 Braithwaite
67%
Portugal LW loan Felix
67%
Brasil ST 40 000 000 Roque
67%
Brasil RB free Alves
66%
Portugal RW 30 000 000 Trincao
63%
Spain CB free Garcia
59%
Brasil RW 41 000 000 Malcom
58%
Spain RW loan Traore
58%
Spain CB free Martinez
54%
Dominican R. LB 20 000 000 Firpo
52%
Brasil RB 14 000 000 Emerson
50%
Austria RW loan Demir
44%
Spain LB free Alonso
43%
Ghana ST 1 200 000 Boateng
43%
Spain ST 2 700 000 Victor
41%
Spain RB free Bellerin
37%
Spain CM 3 000 000 Romeu
36%
France CB 1 000 000 Todibo
30%
Columbia CB 1 200 000 Murillo
29%
Brasil CM 7 000 000 Fernandes
20%
Spain LB 4 000 000 Cucurella
18%
Spain LW 12 000 000 Delofeu
10%
Brasil CM 5 000 000 Marlon
5%
No matching quizzes found
Score Distribution
Percent of People with Each Score
Percentile by Number Answered
Your Score History
You have not taken this quiz